Pays où il y a le plus de juifs - Statistiques

Statistiques générales
  • Ce quiz a été pris 1 323 fois
    881 depuis la dernière actualisation
  • Le résultat moyen est 3 sur 5
Statistiques - réponses
Pourcentage Pays % Correct
74% Israël
99%
1,7% Etats-Unis
86%
1,1% Canada
61%
2,1% Gibraltar (Royaume-Uni)
34%
1,1% Belize
3%
Aucun quiz correspondant
Distribution des résultats
% des personnes avec chaque résultat
Percentile par nombre de réponses
Votre historique - résultats
Vous n’avez pas pris ce quiz depuis la dernière actualisation